000 01833nam a22002537a 4500
005 20260128092108.0
008 260128b |||||||| |||| 00| 0 eng d
020 _a9781786330444
040 _cAL
041 _aEnglish
082 _a294.344
_bLAMB
100 _aDalai Lama
_9252872
245 _aBook of Joy
_b; lasting happiness in a changing world
260 _aNew York
_bPeguin Random House
_c2016
300 _a238p.
_bPB
_c21x13.5cm
365 _aIN-2427
_b₹399.15
_c
_d₹399.15
_f14-01-2026
520 _aTwo spiritual giants. Seven days. One timeless question. ''The ultimate source of happiness is within us.'' DALAI LAMA ''We grow in kindness when our kindness is tested.'' DESMOND TUTU Two spiritual giants. Seven days. One timeless question. ''The ultimate source of happiness is within us.'' DALAI LAMA ''We grow in kindness when our kindness is tested.'' DESMOND TUTU Archbishop Desmond Tutu and the Dalai Lama have been friends for many, many years. Between them, they have endured exile, violence and oppression. And in the face of these hardships, they have continued to radiate compassion, humour and above all, joy. To celebrate His Holiness''s eightieth birthday, Archbishop Tutu travelled to the Dalai Lama''s home in Dharamsala. The two men spent a week discussing a single burning question: how do we find joy in the face of suffering? This book is a gift from two of the most important spiritual figures of our time. Full of love, warmth and hope, The Book of Joy offers us the chance to experience their journey from first embrace to final goodbye.
650 _aThe Nature of Joy
_9252873
650 _aThe Obstacles to Joy
_9252874
650 _aThe Eight Pillars of Joy
_9252875
700 _aTutu,Desmond
_9252876
700 _aAbrama, Douglas
_9252877
942 _2ddc
_cBK
999 _c240825
_d240825